[Event "Campeonato de España Blitz 2017"]
[Site "Linares"]
[Date "2017.08.12"]
[Round "6"]
[White "Cifuentes Parada, Roberto"]
[Black "Korneev, Oleg"]
[Result "1/2-1/2"]
[Board "4"]
[WhiteTitle "GM"]
[WhiteElo "2477"]
[WhiteCountry "ESP"]
[WhiteFideId "2253488"]
[WhiteEloChange "1"]
[BlackTitle "GM"]
[BlackElo "2578"]
[BlackCountry "ESP"]
[BlackFideId "4156803"]
[BlackEloChange "-1"]

1. d4 {[%clk 0:03:01]} d5 {[%clk 0:03:03]} 2. Nf3 {[%clk 0:03:03]} Nf6 {[%clk
0:03:04]} 3. c4 {[%clk 0:03:04]} c6 {[%clk 0:03:06]} 4. e3 {[%clk 0:03:01]} Bf5
{[%clk 0:03:06]} 5. cxd5 {[%clk 0:03:01]} cxd5 {[%clk 0:03:07]} 6. Qb3 {[%clk
0:03:02]} Qc7 {[%clk 0:03:05]} 7. Bb5+ {[%clk 0:03:02]} Nc6 {[%clk 0:03:05]} 8.
O-O {[%clk 0:03:02]} e6 {[%clk 0:03:06]} 9. Bd2 {[%clk 0:02:57]} Bd6 {[%clk
0:03:07]} 10. Rc1 {[%clk 0:02:54]} O-O {[%clk 0:03:04]} 11. Qa4 {[%clk 0:02:46]}
Rfc8 {[%clk 0:02:58]} 12. Bxc6 {[%clk 0:02:47]} bxc6 {[%clk 0:02:59]} 13. Bb4
{[%clk 0:02:48]} Qe7 {[%clk 0:02:48]} 14. Bxd6 {[%clk 0:02:45]} Qxd6 {[%clk
0:02:49]} 15. Nbd2 {[%clk 0:02:46]} Nd7 {[%clk 0:02:00]} 16. Rc3 {[%clk 0:02:42]}
c5 {[%clk 0:01:48]} 17. Qa3 {[%clk 0:02:43]} Qf8 {[%clk 0:01:40]} 18. dxc5 {[%clk
0:02:37]} Rxc5 {[%clk 0:01:36]} 19. Rxc5 {[%clk 0:02:36]} Qxc5 {[%clk 0:01:35]}
20. Qxc5 {[%clk 0:02:29]} Nxc5 {[%clk 0:01:36]} 21. Nd4 {[%clk 0:02:07]} Bg6
{[%clk 0:01:32]} 22. b4 {[%clk 0:02:04]} Nd3 {[%clk 0:01:04]} 23. b5 {[%clk
0:02:05]} Kf8 {[%clk 0:00:56]} 24. Nc6 {[%clk 0:01:58]} Ke8 {[%clk 0:00:54]} 25.
a4 {[%clk 0:01:51]} Kd7 {[%clk 0:00:56]} 26. Nb3 {[%clk 0:01:51]} a6 {[%clk
0:00:53]} 27. Ncd4 {[%clk 0:01:32]} e5 {[%clk 0:00:38]} 28. Nf3 {[%clk 0:01:19]}
axb5 {[%clk 0:00:39]} 29. axb5 {[%clk 0:01:20]} Rxa1+ {[%clk 0:00:40]} 30. Nxa1
{[%clk 0:01:21]} Kc7 {[%clk 0:00:39]} 31. Nc2 {[%clk 0:01:05]} Kb6 {[%clk
0:00:40]} 32. Nh4 {[%clk 0:00:46]} Kxb5 {[%clk 0:00:37]} 33. Nxg6 {[%clk
0:00:43]} hxg6 {[%clk 0:00:37]} 34. Kf1 {[%clk 0:00:45]} Kc4 {[%clk 0:00:34]} 35.
Ke2 {[%clk 0:00:46]} Nb4 {[%clk 0:00:28]} 36. Ne1 {[%clk 0:00:45]} e4 {[%clk
0:00:26]} 37. h4 {[%clk 0:00:46]} f6 {[%clk 0:00:27]} 38. g4 {[%clk 0:00:46]} g5
{[%clk 0:00:25]} 39. hxg5 {[%clk 0:00:44]} fxg5 {[%clk 0:00:26]} 40. f3 {[%clk
0:00:39]} Kc3 {[%clk 0:00:18]} 41. Ng2 {[%clk 0:00:40]} Nd3 {[%clk 0:00:16]} 42.
f4 {[%clk 0:00:34]} gxf4 {[%clk 0:00:10]} 43. exf4 {[%clk 0:00:34]} d4 {[%clk
0:00:17]} 44. f5 {[%clk 0:00:34]} e3 {[%clk 0:00:14]} 45. Nxe3 {[%clk 0:00:29]}
dxe3 {[%clk 0:00:13]} 46. Kxe3 {[%clk 0:00:30]} Ne5 {[%clk 0:00:12]} 47. g5
{[%clk 0:00:28]} Nf7 {[%clk 0:00:12]} 48. g6 {[%clk 0:00:21]} Nh6 {[%clk
0:00:08]} 49. Ke4 {[%clk 0:00:16]} Kc4 {[%clk 0:00:09]} 50. Ke5 {[%clk 0:00:12]}
Kd3 {[%clk 0:00:10]} 51. Ke6 {[%clk 0:00:15]} Ke4 {[%clk 0:00:11]} 52. f6 {[%clk
0:00:16]} gxf6 {[%clk 0:00:12]} 53. Kxf6 {[%clk 0:00:17]} 1/2-1/2

[Event "Campeonato de España Blitz 2017"]
[Site "Linares"]
[Date "2017.08.12"]
[Round "6"]
[White "Valles Moreno, Ivan"]
[Black "Granda Zuniga, Julio E"]
[Result "1/2-1/2"]
[Board "5"]
[WhiteTitle "IM"]
[WhiteElo "2437"]
[WhiteCountry "ESP"]
[WhiteFideId "2205688"]
[WhiteEloChange "3"]
[BlackTitle "GM"]
[BlackElo "2669"]
[BlackCountry "PER"]
[BlackFideId "3800024"]
[BlackEloChange "-3"]

1. e4 {[%clk 0:03:03]} c6 {[%clk 0:02:53]} 2. d4 {[%clk 0:03:01]} d5 {[%clk
0:02:53]} 3. exd5 {[%clk 0:03:01]} cxd5 {[%clk 0:02:53]} 4. c4 {[%clk 0:03:01]}
Nf6 {[%clk 0:02:53]} 5. Nc3 {[%clk 0:03:02]} g6 {[%clk 0:02:50]} 6. cxd5 {[%clk
0:03:02]} Nxd5 {[%clk 0:02:50]} 7. Bc4 {[%clk 0:03:01]} Nb6 {[%clk 0:02:49]} 8.
Bb3 {[%clk 0:03:02]} Bg7 {[%clk 0:02:49]} 9. Nf3 {[%clk 0:03:02]} Nc6 {[%clk
0:02:31]} 10. O-O {[%clk 0:02:56]} O-O {[%clk 0:02:28]} 11. d5 {[%clk 0:02:50]}
Na5 {[%clk 0:02:29]} 12. Re1 {[%clk 0:02:40]} Bg4 {[%clk 0:02:11]} 13. h3 {[%clk
0:02:18]} Bxf3 {[%clk 0:02:12]} 14. Qxf3 {[%clk 0:02:19]} Nxb3 {[%clk 0:01:56]}
15. axb3 {[%clk 0:02:20]} Re8 {[%clk 0:01:56]} 16. Bg5 {[%clk 0:02:13]} Bxc3
{[%clk 0:01:50]} 17. bxc3 {[%clk 0:02:14]} Qxd5 {[%clk 0:01:51]} 18. Qxd5 {[%clk
0:02:12]} Nxd5 {[%clk 0:01:51]} 19. c4 {[%clk 0:02:13]} Nb4 {[%clk 0:01:51]} 20.
Rxe7 {[%clk 0:02:09]} Rxe7 {[%clk 0:01:52]} 21. Bxe7 {[%clk 0:02:10]} Nc6 {[%clk
0:01:52]} 22. Bf6 {[%clk 0:01:59]} Re8 {[%clk 0:01:48]} 23. g4 {[%clk 0:02:00]}
h6 {[%clk 0:01:48]} 24. h4 {[%clk 0:02:01]} Re4 {[%clk 0:01:47]} 25. g5 {[%clk
0:01:51]} Rxh4 {[%clk 0:01:42]} 26. Re1 {[%clk 0:02:00]} Kf8 {[%clk 0:01:43]} 27.
b4 {[%clk 0:01:49]} hxg5 {[%clk 0:01:38]} 28. b5 {[%clk 0:01:41]} Nd4 {[%clk
0:01:38]} 29. Rd1 {[%clk 0:01:22]} Ne6 {[%clk 0:01:32]} 30. Rd7 {[%clk 0:01:16]}
Rf4 {[%clk 0:01:31]} 31. Be5 {[%clk 0:01:17]} Rxc4 {[%clk 0:01:02]} 32. Rxb7
{[%clk 0:01:18]} Ke8 {[%clk 0:00:50]} 33. Rb8+ {[%clk 0:00:38]} Kd7 {[%clk
0:00:48]} 34. Rb7+ {[%clk 0:00:39]} Kc8 {[%clk 0:00:35]} 35. Rxf7 {[%clk
0:00:37]} Nc7 {[%clk 0:00:34]} 36. Bxc7 {[%clk 0:00:31]} Rxc7 {[%clk 0:00:34]}
37. Rf6 {[%clk 0:00:32]} Rc5 {[%clk 0:00:29]} 38. Rxg6 {[%clk 0:00:32]} Rxb5
{[%clk 0:00:30]} 39. Kg2 {[%clk 0:00:31]} a5 {[%clk 0:00:31]} 40. Kg3 {[%clk
0:00:28]} Kb7 {[%clk 0:00:32]} 41. Rg7+ {[%clk 0:00:22]} Ka6 {[%clk 0:00:32]} 42.
Rg6+ {[%clk 0:00:23]} Kb7 {[%clk 0:00:23]} 43. Rg7+ {[%clk 0:00:25]} Kc6 {[%clk
0:00:24]} 44. Rg6+ {[%clk 0:00:25]} Kd7 {[%clk 0:00:25]} 45. Rg7+ {[%clk
0:00:24]} Ke6 {[%clk 0:00:25]} 46. Rg6+ {[%clk 0:00:25]} Kf5 {[%clk 0:00:25]} 47.
Ra6 {[%clk 0:00:26]} Rb3+ {[%clk 0:00:26]} 48. f3 {[%clk 0:00:27]} Ra3 {[%clk
0:00:26]} 49. Rb6 {[%clk 0:00:25]} a4 {[%clk 0:00:24]} 50. Rb5+ {[%clk 0:00:26]}
Kf6 {[%clk 0:00:25]} 51. Ra5 {[%clk 0:00:27]} Ra1 {[%clk 0:00:23]} 52. Ra6+
{[%clk 0:00:28]} Kf5 {[%clk 0:00:22]} 53. Ra5+ {[%clk 0:00:30]} Kg6 {[%clk
0:00:23]} 54. f4 {[%clk 0:00:27]} gxf4+ {[%clk 0:00:13]} 55. Kxf4 {[%clk
0:00:28]} a3 {[%clk 0:00:14]} 56. Kg3 {[%clk 0:00:30]} Kf6 {[%clk 0:00:14]} 57.
Kf2 {[%clk 0:00:25]} Ke6 {[%clk 0:00:13]} 58. Ra8 {[%clk 0:00:22]} Kd5 {[%clk
0:00:14]} 59. Rd8+ {[%clk 0:00:19]} Kc4 {[%clk 0:00:15]} 60. Rc8+ {[%clk
0:00:19]} Kb3 {[%clk 0:00:16]} 61. Rb8+ {[%clk 0:00:23]} Ka2 {[%clk 0:00:17]} 62.
Ke2 {[%clk 0:00:24]} Rb1 {[%clk 0:00:14]} 63. Rc8 {[%clk 0:00:19]} Rb3 {[%clk
0:00:14]} 64. Kd2 {[%clk 0:00:17]} Rh3 {[%clk 0:00:15]} 65. Rb8 {[%clk 0:00:18]}
Rh2+ {[%clk 0:00:10]} 66. Kc1 {[%clk 0:00:19]} Rb2 {[%clk 0:00:10]} 67. Rc8
{[%clk 0:00:19]} Rh2 {[%clk 0:00:09]} 68. Rb8 {[%clk 0:00:20]} Rh1+ {[%clk
0:00:09]} 69. Kc2 {[%clk 0:00:22]} Rh2+ {[%clk 0:00:10]} 70. Kc1 {[%clk 0:00:23]}
Rb2 {[%clk 0:00:11]} 71. Rc8 {[%clk 0:00:24]} Rb6 {[%clk 0:00:12]} 72. Rc2+
{[%clk 0:00:24]} Ka1 {[%clk 0:00:10]} 73. Rc8 {[%clk 0:00:23]} Rb7 {[%clk
0:00:13]} 74. Rc6 {[%clk 0:00:24]} Rh7 {[%clk 0:00:12]} 75. Rb6 {[%clk 0:00:22]}
Rh1+ {[%clk 0:00:11]} 76. Kc2 {[%clk 0:00:26]} Ka2 {[%clk 0:00:08]} 77. Rb8
{[%clk 0:00:23]} Rh7 {[%clk 0:00:08]} 78. Rb6 {[%clk 0:00:27]} Rc7+ {[%clk
0:00:12]} 79. Kd1 {[%clk 0:00:26]} Rc5 {[%clk 0:00:13]} 80. Kd2 {[%clk 0:00:27]}
Rc8 {[%clk 0:00:15]} 81. Kd1 {[%clk 0:00:28]} Rc3 {[%clk 0:00:16]} 82. Kd2 {[%clk
0:00:30]} Rb3 {[%clk 0:00:17]} 83. Rc6 {[%clk 0:00:27]} Ka1 {[%clk 0:00:18]} 84.
Kc1 {[%clk 0:00:28]} Ka2 {[%clk 0:00:15]} 85. Rc8 {[%clk 0:00:29]} Rh3 {[%clk
0:00:12]} 86. Rb8 {[%clk 0:00:30]} Rh2 {[%clk 0:00:16]} 87. Rb7 {[%clk 0:00:31]}
Rb2 {[%clk 0:00:12]} 88. Rc7 {[%clk 0:00:32]} Rb4 {[%clk 0:00:10]} 89. Rc8 {[%clk
0:00:33]} Kb3 {[%clk 0:00:13]} 90. Kb1 {[%clk 0:00:32]} 1/2-1/2

[Event "Campeonato de España Blitz 2017"]
[Site "Linares"]
[Date "2017.08.12"]
[Round "6"]
[White "Vallejo Pons, Francisco"]
[Black "Alsina Leal, Daniel"]
[Result "1-0"]
[Board "6"]
[WhiteTitle "GM"]
[WhiteElo "2677"]
[WhiteCountry "ESP"]
[WhiteFideId "2205530"]
[WhiteEloChange "2"]
[BlackTitle "GM"]
[BlackElo "2413"]
[BlackCountry "ESP"]
[BlackFideId "2252627"]
[BlackEloChange "-2"]

1. Nf3 {[%clk 0:03:03]} d5 {[%clk 0:03:02]} 2. d4 {[%clk 0:03:03]} Nf6 {[%clk
0:03:03]} 3. c4 {[%clk 0:03:05]} c6 {[%clk 0:03:04]} 4. Qc2 {[%clk 0:03:04]} dxc4
{[%clk 0:03:03]} 5. Qxc4 {[%clk 0:03:05]} Bf5 {[%clk 0:03:04]} 6. g3 {[%clk
0:03:06]} e6 {[%clk 0:03:04]} 7. Bg2 {[%clk 0:03:06]} Be7 {[%clk 0:03:05]} 8. O-O
{[%clk 0:03:06]} O-O {[%clk 0:03:06]} 9. e3 {[%clk 0:03:07]} Nbd7 {[%clk
0:03:04]} 10. Qe2 {[%clk 0:03:02]} c5 {[%clk 0:03:04]} 11. Nc3 {[%clk 0:02:50]}
cxd4 {[%clk 0:02:43]} 12. Nxd4 {[%clk 0:02:49]} Bg4 {[%clk 0:02:43]} 13. f3
{[%clk 0:02:41]} Bh5 {[%clk 0:02:16]} 14. e4 {[%clk 0:02:25]} Bc5 {[%clk
0:02:01]} 15. Be3 {[%clk 0:02:26]} a6 {[%clk 0:01:57]} 16. Rfd1 {[%clk 0:02:23]}
b5 {[%clk 0:01:31]} 17. Qf2 {[%clk 0:01:53]} Qc7 {[%clk 0:01:05]} 18. Rac1 {[%clk
0:01:46]} Qa7 {[%clk 0:01:06]} 19. b4 {[%clk 0:01:11]} Bb6 {[%clk 0:01:04]} 20.
a4 {[%clk 0:01:08]} a5 {[%clk 0:00:32]} 21. Ncxb5 {[%clk 0:01:01]} Qa6 {[%clk
0:00:33]} 22. Bf1 {[%clk 0:00:37]} Qb7 {[%clk 0:00:28]} 23. Nd6 {[%clk 0:00:34]}
Qb8 {[%clk 0:00:27]} 24. Nc6 {[%clk 0:00:33]} Bxe3 {[%clk 0:00:21]} 25. Qxe3
{[%clk 0:00:24]} Qb6 {[%clk 0:00:17]} 26. Qxb6 {[%clk 0:00:27]} Nxb6 {[%clk
0:00:18]} 27. bxa5 {[%clk 0:00:26]} Nxa4 {[%clk 0:00:17]} 28. g4 {[%clk 0:00:23]}
Nxg4 {[%clk 0:00:04]} 29. fxg4 {[%clk 0:00:23]} Bxg4 {[%clk 0:00:05]} 30. Rd4
{[%clk 0:00:18]} Nb2 {[%clk 0:00:05]} 31. Rb4 {[%clk 0:00:15]} Nd1 {[%clk
0:00:04]} 32. e5 {[%clk 0:00:12]} Ne3 33. Re4 {[%clk 0:00:10]} Nxf1 {[%clk
0:00:03]} 34. Rxg4 {[%clk 0:00:09]} Ne3 {[%clk 0:00:04]} 35. Re4 {[%clk 0:00:08]}
Nd5 {[%clk 0:00:04]} 36. Ra4 {[%clk 0:00:07]} f6 {[%clk 0:00:03]} 37. a6 {[%clk
0:00:07]} fxe5 {[%clk 0:00:04]} 38. Nxe5 {[%clk 0:00:05]} Rfd8 {[%clk 0:00:05]}
39. Ndf7 {[%clk 0:00:04]} Rdb8 {[%clk 0:00:04]} 40. a7 {[%clk 0:00:05]} Rb7
{[%clk 0:00:05]} 41. Nd6 Re7 {[%clk 0:00:04]} 42. Rc8+ {[%clk 0:00:06]} 1-0

[Event "Campeonato de España Blitz 2017"]
[Site "Linares"]
[Date "2017.08.12"]
[Round "6"]
[White "Dvirnyy, Danyyil"]
[Black "Santos Ruiz, Miguel"]
[Result "1-0"]
[Board "7"]
[WhiteTitle "GM"]
[WhiteElo "2566"]
[WhiteCountry "ITA"]
[WhiteFideId "817570"]
[WhiteEloChange "3"]
[BlackTitle "IM"]
[BlackElo "2409"]
[BlackCountry "ESP"]
[BlackFideId "22291482"]
[BlackEloChange "-3"]

1. d4 {[%clk 0:03:02]} Nf6 {[%clk 0:03:03]} 2. c4 {[%clk 0:03:03]} e6 {[%clk
0:03:04]} 3. Nf3 {[%clk 0:03:04]} d5 {[%clk 0:03:05]} 4. Nc3 {[%clk 0:03:06]} a6
{[%clk 0:03:05]} 5. cxd5 {[%clk 0:03:02]} exd5 {[%clk 0:03:06]} 6. Bg5 {[%clk
0:03:03]} Be6 {[%clk 0:03:07]} 7. e3 {[%clk 0:03:04]} Nbd7 {[%clk 0:03:08]} 8.
Bd3 {[%clk 0:03:03]} h6 {[%clk 0:03:08]} 9. Bh4 {[%clk 0:03:04]} Bd6 {[%clk
0:03:09]} 10. O-O {[%clk 0:03:01]} O-O {[%clk 0:03:09]} 11. a3 {[%clk 0:02:59]}
c6 {[%clk 0:03:06]} 12. b4 {[%clk 0:03:00]} b5 {[%clk 0:03:07]} 13. Qc2 {[%clk
0:02:51]} a5 {[%clk 0:03:01]} 14. e4 {[%clk 0:02:49]} axb4 {[%clk 0:02:58]} 15.
e5 {[%clk 0:02:44]} bxc3 {[%clk 0:02:57]} 16. exd6 {[%clk 0:02:45]} Qb8 {[%clk
0:02:29]} 17. Qxc3 {[%clk 0:02:46]} Rc8 {[%clk 0:02:09]} 18. Bg3 {[%clk 0:02:46]}
Nh5 {[%clk 0:02:03]} 19. Be5 {[%clk 0:02:26]} f6 {[%clk 0:02:04]} 20. Bg3 {[%clk
0:02:20]} Nxg3 {[%clk 0:02:04]} 21. hxg3 {[%clk 0:02:12]} Qxd6 {[%clk 0:02:05]}
22. Rfe1 {[%clk 0:02:18]} Ra6 {[%clk 0:01:52]} 23. Bxb5 {[%clk 0:02:19]} Raa8
{[%clk 0:01:48]} 24. Bd3 {[%clk 0:02:19]} Bg4 {[%clk 0:01:39]} 25. Nh4 {[%clk
0:02:19]} c5 {[%clk 0:01:29]} 26. Bb5 {[%clk 0:02:17]} Nb6 {[%clk 0:01:08]} 27.
a4 {[%clk 0:02:09]} Bd7 {[%clk 0:01:04]} 28. Bxd7 {[%clk 0:02:10]} Qxd7 {[%clk
0:01:05]} 29. dxc5 {[%clk 0:02:11]} Nxa4 {[%clk 0:01:06]} 30. Qd4 {[%clk
0:02:12]} Qc6 {[%clk 0:00:46]} 31. Nf5 {[%clk 0:02:12]} Kh8 {[%clk 0:00:22]} 32.
Ne7 {[%clk 0:02:09]} Qxc5 {[%clk 0:00:22]} 33. Rxa4 {[%clk 0:02:05]} Rxa4 {[%clk
0:00:12]} 34. Qxa4 {[%clk 0:02:06]} Rd8 {[%clk 0:00:13]} 35. Nf5 {[%clk 0:01:45]}
d4 {[%clk 0:00:11]} 36. Re8+ {[%clk 0:01:45]} Rxe8 {[%clk 0:00:11]} 37. Qxe8+
{[%clk 0:01:46]} Kh7 {[%clk 0:00:12]} 38. Qe4 {[%clk 0:01:47]} 1-0

[Event "Campeonato de España Blitz 2017"]
[Site "Linares"]
[Date "2017.08.12"]
[Round "6"]
[White "Lopez Martinez, Josep Manuel"]
[Black "Valmana Canto, Jaime"]
[Result "0-1"]
[Board "8"]
[WhiteTitle "GM"]
[WhiteElo "2529"]
[WhiteCountry "ESP"]
[WhiteFideId "2212943"]
[WhiteEloChange "-8"]
[BlackTitle "IM"]
[BlackElo "2334"]
[BlackCountry "ESP"]
[BlackFideId "2268990"]
[BlackEloChange "15"]

1. d4 {[%clk 0:03:01]} Nf6 {[%clk 0:03:03]} 2. c4 {[%clk 0:03:01]} g6 {[%clk
0:03:03]} 3. Nc3 {[%clk 0:02:58]} Bg7 {[%clk 0:03:04]} 4. e4 {[%clk 0:02:58]} d6
{[%clk 0:03:04]} 5. Be2 {[%clk 0:02:57]} O-O {[%clk 0:03:03]} 6. Be3 {[%clk
0:02:53]} e5 {[%clk 0:02:57]} 7. d5 {[%clk 0:02:52]} c6 {[%clk 0:02:49]} 8. h3
{[%clk 0:02:31]} Na6 {[%clk 0:02:29]} 9. Nf3 {[%clk 0:02:29]} Nc5 {[%clk
0:02:22]} 10. Nd2 {[%clk 0:02:28]} a5 {[%clk 0:02:08]} 11. g4 {[%clk 0:02:20]}
Ne8 {[%clk 0:02:00]} 12. g5 {[%clk 0:02:13]} f5 {[%clk 0:01:48]} 13. h4 {[%clk
0:02:10]} Bd7 {[%clk 0:01:15]} 14. h5 {[%clk 0:01:35]} Rf7 {[%clk 0:01:17]} 15.
hxg6 {[%clk 0:01:24]} hxg6 {[%clk 0:01:17]} 16. Nb3 {[%clk 0:01:16]} Nxe4 {[%clk
0:01:07]} 17. Nxe4 {[%clk 0:01:15]} fxe4 {[%clk 0:01:08]} 18. Nd2 {[%clk
0:01:12]} Bf5 {[%clk 0:01:07]} 19. a4 {[%clk 0:01:01]} Nc7 {[%clk 0:00:57]} 20.
Qb3 {[%clk 0:01:00]} Na6 {[%clk 0:00:55]} 21. c5 {[%clk 0:00:37]} cxd5 {[%clk
0:00:53]} 22. Bxa6 {[%clk 0:00:30]} bxa6 {[%clk 0:00:48]} 23. Qxd5 {[%clk
0:00:20]} dxc5 {[%clk 0:00:48]} 24. Qxd8+ {[%clk 0:00:23]} Rxd8 {[%clk 0:00:49]}
25. Nc4 {[%clk 0:00:18]} Bg4 {[%clk 0:00:38]} 26. Nxa5 {[%clk 0:00:17]} Bf3
{[%clk 0:00:37]} 27. Rh4 {[%clk 0:00:10]} Rfd7 {[%clk 0:00:29]} 0-1

[Event "Campeonato de España Blitz 2017"]
[Site "Linares"]
[Date "2017.08.12"]
[Round "6"]
[White "Arizmendi Martinez, Julen Luis"]
[Black "Ladron De Guevara Pinto, Paolo"]
[Result "0-1"]
[Board "9"]
[WhiteTitle "GM"]
[WhiteElo "2514"]
[WhiteCountry "ESP"]
[WhiteFideId "2205092"]
[WhiteEloChange "-8"]
[BlackTitle "FM"]
[BlackElo "2313"]
[BlackCountry "ESP"]
[BlackFideId "2290847"]
[BlackEloChange "15"]

1. d4 {[%clk 0:03:03]} d5 {[%clk 0:03:03]} 2. c4 {[%clk 0:03:04]} e6 {[%clk
0:03:00]} 3. Nc3 {[%clk 0:03:03]} Nf6 {[%clk 0:03:01]} 4. cxd5 {[%clk 0:03:01]}
exd5 {[%clk 0:03:01]} 5. Bg5 {[%clk 0:03:02]} Be7 {[%clk 0:03:01]} 6. e3 {[%clk
0:02:59]} c6 {[%clk 0:03:02]} 7. Bd3 {[%clk 0:02:57]} Nbd7 {[%clk 0:03:02]} 8.
Nge2 {[%clk 0:02:47]} Nh5 {[%clk 0:02:59]} 9. Bxe7 {[%clk 0:02:47]} Qxe7 {[%clk
0:02:59]} 10. Qc2 {[%clk 0:02:29]} g6 {[%clk 0:03:00]} 11. h3 {[%clk 0:02:29]}
Nb6 {[%clk 0:02:53]} 12. O-O-O {[%clk 0:02:23]} Be6 {[%clk 0:02:54]} 13. g4
{[%clk 0:02:21]} Ng7 {[%clk 0:02:53]} 14. Kb1 {[%clk 0:02:14]} O-O-O {[%clk
0:02:53]} 15. Rc1 {[%clk 0:02:11]} Kb8 {[%clk 0:02:55]} 16. Nf4 {[%clk 0:02:05]}
Ne8 {[%clk 0:02:55]} 17. Rce1 {[%clk 0:01:52]} Nd6 {[%clk 0:02:48]} 18. f3 {[%clk
0:01:52]} Ndc4 {[%clk 0:02:05]} 19. h4 {[%clk 0:01:49]} Bc8 {[%clk 0:01:53]} 20.
h5 {[%clk 0:01:35]} g5 {[%clk 0:01:44]} 21. Ng2 {[%clk 0:01:32]} h6 {[%clk
0:01:45]} 22. Re2 {[%clk 0:01:29]} Rhe8 {[%clk 0:01:37]} 23. Bf5 {[%clk 0:01:07]}
Qb4 {[%clk 0:01:29]} 24. Ka1 {[%clk 0:00:55]} Bxf5 {[%clk 0:01:27]} 25. gxf5
{[%clk 0:00:52]} f6 {[%clk 0:01:26]} 26. Rd1 {[%clk 0:00:48]} Qf8 {[%clk
0:01:13]} 27. e4 {[%clk 0:00:43]} Qf7 {[%clk 0:01:14]} 28. exd5 {[%clk 0:00:34]}
cxd5 {[%clk 0:01:15]} 29. Rde1 {[%clk 0:00:31]} Qxh5 {[%clk 0:01:05]} 30. Rxe8
{[%clk 0:00:23]} Rxe8 {[%clk 0:01:06]} 31. Rxe8+ {[%clk 0:00:23]} Qxe8 {[%clk
0:01:07]} 32. Nxd5 {[%clk 0:00:13]} Nxd5 {[%clk 0:01:02]} 33. Qxc4 {[%clk
0:00:24]} Qc6 {[%clk 0:01:03]} 34. Qxc6 {[%clk 0:00:19]} bxc6 {[%clk 0:01:04]}
35. Ne1 {[%clk 0:00:18]} h5 {[%clk 0:01:05]} 36. Nd3 {[%clk 0:00:20]} h4 {[%clk
0:01:06]} 37. Nf2 {[%clk 0:00:21]} Nf4 {[%clk 0:01:07]} 38. Kb1 {[%clk 0:00:16]}
Ne2 {[%clk 0:01:08]} 39. Ng4 {[%clk 0:00:09]} Nxd4 {[%clk 0:01:09]} 40. Nxf6
{[%clk 0:00:09]} Nxf5 {[%clk 0:01:09]} 41. Ng4 {[%clk 0:00:06]} Nd4 {[%clk
0:01:11]} 42. Nh2 {[%clk 0:00:06]} Kc7 {[%clk 0:01:11]} 43. Kc1 {[%clk 0:00:07]}
Kd6 {[%clk 0:01:13]} 44. Kd2 {[%clk 0:00:08]} Ke5 {[%clk 0:01:14]} 45. Ke3 {[%clk
0:00:09]} Nf5+ {[%clk 0:01:15]} 46. Kf2 {[%clk 0:00:08]} Kd4 {[%clk 0:01:17]} 47.
Ng4 {[%clk 0:00:08]} c5 {[%clk 0:01:14]} 48. Nf6 {[%clk 0:00:08]} Ke5 {[%clk
0:00:58]} 49. Ng4+ {[%clk 0:00:07]} Kf4 {[%clk 0:00:56]} 50. Nf6 {[%clk 0:00:08]}
Ng7 {[%clk 0:00:31]} 51. Nd5+ {[%clk 0:00:07]} Ke5 {[%clk 0:00:27]} 52. Ne3
{[%clk 0:00:06]} Ne6 {[%clk 0:00:29]} 53. Nc4+ {[%clk 0:00:05]} Kd4 {[%clk
0:00:30]} 54. Nd6 {[%clk 0:00:06]} Kd3 {[%clk 0:00:29]} 55. a4 {[%clk 0:00:04]}
Kc2 {[%clk 0:00:30]} 56. a5 {[%clk 0:00:05]} Kxb2 {[%clk 0:00:30]} 57. a6 {[%clk
0:00:06]} Kb3 {[%clk 0:00:27]} 58. Nb5 {[%clk 0:00:07]} c4 {[%clk 0:00:25]} 59.
Nxa7 {[%clk 0:00:08]} Nc7 {[%clk 0:00:26]} 60. Nc6 {[%clk 0:00:08]} Nxa6 {[%clk
0:00:27]} 61. Kg2 {[%clk 0:00:05]} c3 {[%clk 0:00:28]} 62. Nd4+ {[%clk 0:00:06]}
Kc4 {[%clk 0:00:29]} 63. Nc2 {[%clk 0:00:08]} Nb4 {[%clk 0:00:32]} 64. Nd4 {[%clk
0:00:11]} c2 {[%clk 0:00:34]} 65. Ne2 {[%clk 0:00:12]} Nd3 {[%clk 0:00:31]} 66.
Kh3 {[%clk 0:00:13]} Nf4+ {[%clk 0:00:36]} 0-1

[Event "Campeonato de España Blitz 2017"]
[Site "Linares"]
[Date "2017.08.12"]
[Round "6"]
[White "Moreno Ruiz, Javier"]
[Black "Torrado Quintela, Julio"]
[Result "1-0"]
[Board "10"]
[WhiteTitle "IM"]
[WhiteElo "2444"]
[WhiteCountry "ESP"]
[WhiteFideId "2203146"]
[WhiteEloChange "3"]
[BlackElo "2274"]
[BlackCountry "ESP"]
[BlackFideId "2218496"]
[BlackEloChange "-5"]

1. d4 {[%clk 0:03:02]} d5 {[%clk 0:03:03]} 2. c4 {[%clk 0:03:03]} e6 {[%clk
0:03:05]} 3. Nc3 {[%clk 0:03:04]} Nf6 {[%clk 0:03:06]} 4. cxd5 {[%clk 0:03:06]}
exd5 {[%clk 0:03:07]} 5. Bg5 {[%clk 0:03:06]} c6 {[%clk 0:03:09]} 6. Qc2 {[%clk
0:03:07]} Nbd7 {[%clk 0:03:08]} 7. e3 {[%clk 0:03:07]} Be7 {[%clk 0:03:09]} 8.
Bd3 {[%clk 0:03:08]} O-O {[%clk 0:03:09]} 9. Nge2 {[%clk 0:03:09]} Re8 {[%clk
0:03:08]} 10. h3 {[%clk 0:03:10]} Nf8 {[%clk 0:03:05]} 11. O-O-O {[%clk 0:03:09]}
Be6 {[%clk 0:03:00]} 12. g4 {[%clk 0:03:09]} c5 {[%clk 0:03:01]} 13. dxc5 {[%clk
0:03:09]} Rc8 {[%clk 0:02:58]} 14. Kb1 {[%clk 0:02:51]} Rxc5 {[%clk 0:02:53]} 15.
Nd4 {[%clk 0:02:45]} a6 {[%clk 0:02:21]} 16. f3 {[%clk 0:02:37]} b5 {[%clk
0:02:20]} 17. Qd2 {[%clk 0:02:38]} b4 {[%clk 0:02:18]} 18. Na4 {[%clk 0:02:18]}
Ra5 {[%clk 0:02:14]} 19. Nc6 {[%clk 0:02:18]} Qd7 {[%clk 0:02:10]} 20. Nxa5
{[%clk 0:02:10]} Qxa4 {[%clk 0:02:10]} 21. Nb3 {[%clk 0:02:11]} d4 {[%clk
0:01:46]} 22. Bc2 {[%clk 0:02:01]} dxe3 {[%clk 0:01:42]} 23. Bxe3 {[%clk
0:02:02]} Nd5 {[%clk 0:01:29]} 24. Bd4 {[%clk 0:02:00]} Rc8 {[%clk 0:01:19]} 25.
f4 {[%clk 0:01:54]} f6 {[%clk 0:01:08]} 26. Rhe1 {[%clk 0:01:53]} Bf7 {[%clk
0:01:09]} 27. g5 {[%clk 0:01:28]} Bd6 {[%clk 0:00:55]} 28. gxf6 {[%clk 0:01:19]}
Bxf4 {[%clk 0:00:56]} 29. Qf2 {[%clk 0:01:16]} Rxc2 {[%clk 0:00:49]} 30. Qxc2
{[%clk 0:01:00]} Bg6 {[%clk 0:00:48]} 31. Rd3 {[%clk 0:01:01]} Qb5 {[%clk
0:00:38]} 32. Red1 {[%clk 0:01:02]} Ne6 {[%clk 0:00:35]} 33. Qc8+ {[%clk
0:00:54]} Nf8 {[%clk 0:00:32]} 34. fxg7 {[%clk 0:00:52]} Bxd3+ {[%clk 0:00:31]}
35. Ka1 {[%clk 0:00:53]} Bh6 {[%clk 0:00:20]} 36. Qxf8# {[%clk 0:00:50]} 1-0